00461nam a2200193 a 4500001001300000003000900013005001700022008004100039020001000080082001600090100001600106245002300122260003200145300000900177500003500186505001000221650002000231700001600251nice12345678IN_TiNIC20260116011537.0050524s0200 lona grp 000 0 per  ac10000a891.53bZEB aZeba, Aghai aYak Nafar Muttahim aLondon bNo Publisherc0200 a200p aincludes index and biblioraphy2 aIndex aPersian Fiction1 aZeba, Aghai